[Event "Henderson Trusts op-B 43rd"]
[Site "Henderson"]
[Date "2021.06.05"]
[Round "1"]
[White "Buciu, Aurel John"]
[Black "Vital, Henry"]
[Result "1/2-1/2"]
[WhiteElo "1669"]
[BlackElo "1988"]
[PlyCount "61"]
[EventDate "2021.06.05"]
[EventType "swiss"]
[EventRounds "6"]
[EventCountry "NZL"]
[SourceTitle "EXT 2024"]
[Source "ChessBase"]
[SourceDate "2023.10.10"]
[SourceVersion "1"]
[SourceVersionDate "2023.10.10"]
[SourceQuality "1"]

1. d4 d5 2. Bf4 Nf6 3. Nf3 c6 4. c3 Bf5 5. e3 e6 6. Bd3 Bxd3 7. Qxd3 Bd6 8. Bxd6 Qxd6 9. Nbd2 Nbd7 10. 0-0 0-0 11. e4 dxe4 12. Nxe4 Nxe4 13. Qxe4 Nf6 14. Qe5 Qxe5 15. Nxe5 Rfd8 16. Rfe1 a5 17. a4 Nd5 18. g3 h6 19. h4 Rac8 20. f4 c5 21. Nf3 cxd4 22. Nxd4 Nb6 23. Re5 Rd5 24. Rxd5 Nxd5 25. Kf2 Nb6 26. Nb5 Rd8 27. Nd4 Rc8 28. Nb5 Rd8 29. Nd4 Kf8 30. Ke2 Ke7 31. b3 1/2-1/2

[Event "Wch Seniors 50 29th"]
[Site "Bucharest"]
[Date "2019.11.23"]
[Round "11"]
[White "Serafim Junior, Arnor"]
[Black "Buciu, Aurel John"]
[Result "1-0"]
[WhiteElo "1826"]
[BlackElo "1741"]
[PlyCount "73"]
[EventDate "2019.11.12"]
[EventType "swiss"]
[EventRounds "11"]
[EventCountry "ROU"]
[SourceTitle "CBM 193 Extra"]
[Source "ChessBase"]
[SourceDate "2020.01.31"]
[SourceVersion "1"]
[SourceVersionDate "2020.01.31"]
[SourceQuality "1"]

1. c4 e6 2. Nf3 f5 3. b3 Nf6 4. Bb2 Be7 5. e3 c5 6. Be2 0-0 7. 0-0 d6 8. d3 b6 9. Nc3 e5 10. Ng5 Na6 11. Bf3 Rb8 12. Nd5 h6 13. Nxf6+ gxf6 14. Bd5+ Kg7 15. Ne6+ Bxe6 16. Bxe6 Nc7 17. Bxf5 Rh8 18. Qh5 Qg8 19. d4 Kf8 20. dxe5 dxe5 21. Rfd1 Ne8 22. Qf3 Nd6 23. Bh3 Qg5 24. Rd5 Kg7 25. Rad1 Rhd8 26. e4 a5 27. a4 Qg6 28. Bf5 Nxf5 29. exf5 Qf7 30. Rd7 Qe8 31. Rxd8 Rxd8 32. Bc1 Rxd1+ 33. Qxd1 Bf8 34. Be3 Qe7 35. Qg4+ Kh8 36. Qd1 Qd6 37. Qxd6 1-0

[Event "Wch Seniors 50 29th"]
[Site "Bucharest"]
[Date "2019.11.13"]
[Round "2"]
[White "Breitkopf, Ioan Francisc"]
[Black "Buciu, Aurel John"]
[Result "1-0"]
[WhiteElo "2016"]
[BlackElo "1741"]
[PlyCount "33"]
[EventDate "2019.11.12"]
[EventType "swiss"]
[EventRounds "11"]
[EventCountry "ROU"]
[SourceTitle "CBM 193 Extra"]
[Source "ChessBase"]
[SourceDate "2020.01.31"]
[SourceVersion "1"]
[SourceVersionDate "2020.01.31"]
[SourceQuality "1"]

1. c4 b6 2. Nc3 Bb7 3. Nf3 e6 4. e3 f5 5. b3 Nf6 6. Bb2 Be7 7. d4 d6 8. Bd3 0-0 9. Qc2 h6 10. d5 exd5 11. Bxf5 dxc4 12. Be6+ Kh8 13. Nh4 g5 14. Qg6 gxh4 15. Nd5 Rf7 16. Bxf7 Qf8 17. Nxe7 1-0

[Event "Queensland-ch"]
[Site "Brisbane"]
[Date "2019.10.04"]
[Round "3"]
[White "Davis, Tony J"]
[Black "Buciu, Aurel John"]
[Result "1-0"]
[WhiteElo "1840"]
[BlackElo "1728"]
[PlyCount "139"]
[EventDate "2019.10.03"]
[EventType "swiss"]
[EventRounds "9"]
[EventCountry "AUS"]
[SourceTitle "EXT 2021"]
[Source "ChessBase"]
[SourceDate "2020.10.23"]
[SourceVersion "1"]
[SourceVersionDate "2020.10.23"]
[SourceQuality "1"]

1. d4 e6 2. e4 d5 3. Nd2 Nf6 4. e5 Nfd7 5. Bd3 c5 6. c3 Nc6 7. Ngf3 f6 8. exf6 Nxf6 9. 0-0 c4 10. Bc2 Bd6 11. Re1 0-0 12. Nf1 Qc7 13. Bg5 Qf7 14. Bh4 h6 15. a4 b6 16. Qb1 Ne7 17. Bg3 Bxg3 18. Nxg3 Nd7 19. Re2 Nf5 20. Nxf5 exf5 21. Qe1 Nf6 22. Re7 Qh5 23. Qe5 Re8 24. Re1 Rxe7 25. Qxe7 Qf7 26. Qd8+ Qf8 27. Qxf8+ Kxf8 28. Nh4 Ne4 29. f3 Nd6 30. Re5 Bb7 31. Nxf5 Nxf5 32. Bxf5 Re8 33. Be6 g6 34. f4 Kg7 35. g4 Rd8 36. Kf2 a5 37. Kg3 Bc6 38. f5 g5 39. h4 Kf6 40. Bg8 Kg7 41. Be6 Kf6 42. h5 Rd6 43. Kf2 Bb7 44. Bg8 Kg7 45. Re7+ Kxg8 46. Rxb7 Kh8 47. Ke3 Kg8 48. Kd2 Kf8 49. Kc2 Ke8 50. b3 Kd8 51. bxc4 dxc4 52. Rg7 Kc8 53. Rg6 Kd7 54. f6 Re6 55. Rxh6 Re4 56. f7 Ke7 57. Rf6 Kf8 58. Rf5 Rxg4 59. Kd2 Rg2+ 60. Ke3 Rc2 61. d5 Rxc3+ 62. Kd4 Rc1 63. h6 Rh1 64. d6 Rxh6 65. Ke5 Rh1 66. d7 Rd1 67. Ke6 c3 68. Rd5 Rxd5 69. Kxd5 Ke7 70. f8Q+ 1-0

[Event "Queensland-ch"]
[Site "Brisbane"]
[Date "2019.10.03"]
[Round "1"]
[White "Buciu, Aurel John"]
[Black "Garbett, Paul Anthony"]
[Result "0-1"]
[WhiteElo "1728"]
[BlackElo "2172"]
[PlyCount "104"]
[EventDate "2019.10.03"]
[EventType "swiss"]
[EventRounds "9"]
[EventCountry "AUS"]
[SourceTitle "EXT 2021"]
[Source "ChessBase"]
[SourceDate "2020.10.23"]
[SourceVersion "1"]
[SourceVersionDate "2020.10.23"]
[SourceQuality "1"]

1. d4 Nf6 2. Bf4 g6 3. Nc3 d5 4. Qd2 Bg7 5. Nf3 0-0 6. Bh6 c5 7. Bxg7 Kxg7 8. e3 Nc6 9. dxc5 Bg4 10. Nd4 e5 11. Nxc6 bxc6 12. f3 Be6 13. Ne2 Nd7 14. Qc3 Kg8 15. h4 h5 16. a3 a5 17. b4 Qb8 18. Rb1 axb4 19. axb4 Qa7 20. Nc1 Rfb8 21. Nb3 Qa4 22. Nd2 f5 23. Kf2 Qa7 24. Be2 Qc7 25. Ra1 Rxa1 26. Rxa1 Qd8 27. g3 Qf6 28. Ra6 Rc8 29. Qa1 Kg7 30. Qa4 f4 31. exf4 exf4 32. Qa1 fxg3+ 33. Kxg3 d4 34. Ne4 Qe5+ 35. Kg2 Nf6 36. Ra7+ Kg8 37. Bd3 Nd5 38. Qe1 Ne3+ 39. Kg1 Rf8 40. Ng5 Bf5 41. Qf2 Bxd3 42. cxd3 Nd5 43. Ra6 Nxb4 44. Ra5 Nxd3 45. Qa2+ Kh8 46. Ra7 Qe1+ 47. Kg2 Nf4+ 48. Kh2 Qxh4+ 49. Kg1 Qxg5+ 50. Kf1 Nd5 51. Qf2 Ne3+ 52. Ke1 Qxc5 0-1

[Event "Oceania & NZL-ch Seniors"]
[Site "Auckland"]
[Date "2019.07.13"]
[Round "2"]
[White "Buciu, Aurel John"]
[Black "Metge, J Nigel"]
[Result "0-1"]
[WhiteElo "1715"]
[BlackElo "1918"]
[PlyCount "120"]
[EventDate "2019.07.12"]
[EventType "swiss"]
[EventRounds "6"]
[EventCountry "NZL"]
[SourceTitle "EXT 2023"]
[Source "ChessBase"]
[SourceDate "2022.10.05"]
[SourceVersion "1"]
[SourceVersionDate "2022.10.05"]
[SourceQuality "1"]

1. d4 e6 2. Bf4 f5 3. e3 Nf6 4. Nc3 Bb4 5. a3 Bxc3+ 6. bxc3 0-0 7. Nf3 b6 8. h3 Bb7 9. Be2 Ne4 10. c4 g5 11. Bh2 g4 12. Ne5 Qh4 13. Bg1 d6 14. Nd3 Nc3 15. Qd2 Nxe2 16. Qxe2 Bxg2 17. Rh2 Bf3 18. Qf1 Qf6 19. hxg4 fxg4 20. Nf4 Qf5 21. Qd3 Be4 22. Qe2 Bf3 23. Qd3 Qxd3 24. cxd3 e5 25. Ne6 Rf7 26. d5 Na6 27. Ng5 Rg7 28. Nxf3 gxf3 29. 0-0-0 Nc5 30. Kc2 Rf8 31. Rf1 e4 32. dxe4 Nxe4 33. Rh4 Nf6 34. Bh2 Ng4 35. Bf4 Rf5 36. Rh3 Ne5 37. Kc3 h5 38. Bg3 Rg4 39. Bf4 Kf7 40. Rg3 h4 41. Rh3 Kg6 42. Rfh1 Kh5 43. Bg3 Ng6 44. Kd3 Kg5 45. Bh2 Rg2 46. Bg1 Kg4 47. R3h2 Rh5 48. Rh3 Ne5+ 49. Kd4 Rxg1 50. Rxh4+ Rxh4 51. Rxg1+ Kf5+ 52. Kc3 Rxc4+ 53. Kb3 Rg4 54. Rc1 Rg2 55. Rc2 Nd3 56. Rxc7 Rxf2 57. Re7 Re2 58. Kc4 Ne5+ 59. Kd4 Rd2+ 60. Kc3 Rd3+ 0-1

[Event "Oceania zt"]
[Site "Tumon"]
[Date "2019.02.22"]
[Round "8"]
[White "Buciu, Aurel John"]
[Black "Montel, Cyril Tomas Jr"]
[Result "1-0"]
[WhiteElo "1758"]
[BlackElo "1877"]
[PlyCount "69"]
[EventDate "2019.02.18"]
[EventType "swiss"]
[EventRounds "9"]
[EventCountry "GMA"]
[SourceTitle "CBM 189 Extra"]
[Source "ChessBase"]
[SourceDate "2019.05.31"]
[SourceVersion "1"]
[SourceVersionDate "2019.05.31"]
[SourceQuality "1"]

1. d4 Nf6 2. Bf4 e6 3. e3 b6 4. Nd2 Bb7 5. Ngf3 Nh5 6. Bg3 d6 7. c3 Nd7 8. Qb3 Be7 9. Bd3 Rc8 10. Ne4 0-0 11. 0-0 Nhf6 12. Nxf6+ Nxf6 13. Qd1 Ne4 14. Ne1 f5 15. f3 Nxg3 16. hxg3 c5 17. Qb3 d5 18. Qd1 Rf6 19. f4 Rh6 20. Kf2 g5 21. Nf3 gxf4 22. exf4 cxd4 23. cxd4 Bf6 24. Rh1 Rxh1 25. Qxh1 Rc7 26. Qh5 Bc6 27. Ne5 Be8 28. Qe2 Qc8 29. Re1 Bb5 30. Kf3 Rc2 31. Qxc2 Qxc2 32. Bxc2 Bxe5 33. Rxe5 Kf7 34. g4 fxg4+ 35. Kxg4 1-0

[Event "Wch Seniors 50 28th"]
[Site "Bled"]
[Date "2018.11.23"]
[Round "6"]
[White "Zimmermann, Curt"]
[Black "Buciu, Aurel John"]
[Result "1-0"]
[WhiteElo "1943"]
[BlackElo "1687"]
[PlyCount "97"]
[EventDate "2018.11.18"]
[EventType "swiss"]
[EventRounds "11"]
[EventCountry "SLO"]
[SourceTitle "CBM 187 Extra"]
[Source "ChessBase"]
[SourceDate "2018.11.04"]
[SourceVersion "1"]
[SourceVersionDate "2018.11.04"]
[SourceQuality "1"]

1. d4 d5 2. c4 c6 3. Nf3 Nf6 4. Nc3 Bf5 5. Qb3 b6 6. Bf4 e6 7. e3 Be7 8. h3 h6 9. Be2 0-0 10. Ne5 Ne4 11. 0-0 Nd2 12. Qa4 Nxf1 13. Rxf1 c5 14. g4 cxd4 15. exd4 Bh7 16. cxd5 f6 17. Nc4 exd5 18. Ne3 Bd6 19. Ncxd5 Bxf4 20. Nxf4 Qd7 21. Bb5 Qd6 22. Ne2 Be4 23. d5 Bg6 24. Nc3 a6 25. Be2 Be8 26. Qb3 Nd7 27. Nf5 Qc5 28. Ne4 Qa5 29. Ned6 Nc5 30. Qc4 Qa4 31. b4 Nd7 32. Bd1 Qa3 33. Qd4 Ne5 34. Qe4 Bd7 35. Bb3 Ba4 36. Ne7+ Kh8 37. Bxa4 Qxa4 38. f4 Qd7 39. Ndf5 g6 40. fxe5 gxf5 41. Nxf5 Rae8 42. e6 Qc7 43. Qe3 h5 44. e7 Rf7 45. Qh6+ Kg8 46. Qg6+ Kh8 47. Qxf7 Rxe7 48. Qf8+ Kh7 49. Qxe7+ 1-0

[Event "AUS-ch Major"]
[Site "Cammeray"]
[Date "2018.01.09"]
[Round "8"]
[White "Buciu, Aurel John"]
[Black "Bracks, Sebastian"]
[Result "1-0"]
[WhiteElo "1755"]
[BlackElo "1311"]
[PlyCount "73"]
[EventDate "2018.01.02"]
[EventType "swiss"]
[EventRounds "11"]
[EventCountry "AUS"]
[SourceTitle "CBM 182 Extra"]
[Source "ChessBase"]
[SourceDate "2018.02.23"]
[SourceVersion "1"]
[SourceVersionDate "2018.02.23"]
[SourceQuality "1"]

1. d4 Nf6 2. Bf4 g6 3. Nf3 Bg7 4. e3 0-0 5. Nbd2 d6 6. c3 c5 7. Be2 Nc6 8. h3 Bd7 9. 0-0 Qc7 10. dxc5 Nh5 11. cxd6 exd6 12. Bh2 Rad8 13. Nd4 Nxd4 14. cxd4 Nf6 15. Nc4 Be6 16. Rc1 Qe7 17. Bf3 Bd5 18. Re1 Bxc4 19. Rxc4 d5 20. Rc7 Qb4 21. Re2 a5 22. a3 Qb5 23. Rc5 Qa6 24. Bc7 b6 25. Bxd8 bxc5 26. Be7 Rb8 27. Bxc5 Qc4 28. Rc2 Qa2 29. Qc1 Qb3 30. Bd1 Nd7 31. Bd6 Qb7 32. Rc7 Qb5 33. a4 Qxb2 34. Rc8+ Nf8 35. Bxb8 Qb4 36. Qc5 Qxc5 37. Rxc5 1-0

[Event "AUS-ch Major"]
[Site "Cammeray"]
[Date "2018.01.05"]
[Round "5"]
[White "Rewais, Sarwat"]
[Black "Buciu, Aurel John"]
[Result "1/2-1/2"]
[WhiteElo "1864"]
[BlackElo "1755"]
[PlyCount "149"]
[EventDate "2018.01.02"]
[EventType "swiss"]
[EventRounds "11"]
[EventCountry "AUS"]
[SourceTitle "CBM 182 Extra"]
[Source "ChessBase"]
[SourceDate "2018.02.23"]
[SourceVersion "1"]
[SourceVersionDate "2018.02.23"]
[SourceQuality "1"]

1. f4 d5 2. e3 Nf6 3. Nf3 h6 4. Be2 Bf5 5. 0-0 e6 6. a3 a5 7. Ne5 Nbd7 8. Nxd7 Nxd7 9. d3 Be7 10. Nd2 Nf6 11. Nf3 Bg4 12. Ne5 Bxe2 13. Qxe2 Nd7 14. Bd2 Nxe5 15. fxe5 0-0 16. Kh1 f6 17. Bc3 fxe5 18. Bxe5 Bf6 19. Qg4 Qe7 20. Qg3 Bxe5 21. Qxe5 Rf7 22. Rxf7 Qxf7 23. h3 Rf8 24. e4 c6 25. Re1 Qf6 26. Qxf6 Rxf6 27. Kg1 Kf7 28. g3 b5 29. b3 g5 30. Kg2 d4 31. e5 Rf5 32. b4 a4 33. Re4 Kg6 34. g4 Rf4 35. Rxf4 gxf4 36. h4 h5 37. gxh5+ Kxh5 38. Kf3 c5 39. bxc5 b4 40. c6 bxa3 41. c7 a2 42. c8Q a1Q 43. Qh8+ Kg6 44. Qg8+ Kh6 45. Qxe6+ Kh7 46. Qe7+ Kg6 47. Kxf4 a3 48. h5+ Kh6 49. Qf6+ Kh7 50. Qg6+ Kh8 51. h6 Qf1+ 52. Ke4 Qf8 53. Qa6 Kh7 54. Kxd4 Qb4+ 55. c4 Qb2+ 56. Kd5 a2 57. Qa7+ Kxh6 58. Qe3+ Kg6 59. Qe4+ Kg5 60. Qe3+ Kg4 61. Qe4+ Kg3 62. Qe3+ Kg2 63. Qe4+ Kg1 64. Qe3+ Kh1 65. Qh6+ Kg1 66. Qe3+ Kf1 67. Qf4+ Ke1 68. Qh4+ Kd2 69. Qf2+ Kc1 70. Qe1+ Kc2 71. Qf2+ Kb1 72. Qe1+ Qc1 73. Qb4+ Qb2 74. Qe1+ Kc2 75. Qf2+ 1/2-1/2